=LDR 00000nam 2200000 4500 =001 INLIS000000000038008 =005 20130612143714 =008 ***********************************ind** =035 ##$$0010-061300000038008 =041 ##$$a ind =082 ##$$a 813 =090 ##$$a 813, Dic g =100 ##$$a Dicamillo, Kate =245 ##$$a Gajah Sang Penyihir, Kate Dicamillo =650 ##$$a Fiksi =850 ##$$a NBPNMAT =990 ##$$a 0001/BPAP-NTB/2015